Implementing elliptic curve cryptography / (Record no. 62192)

000 -LEADER
fixed length control field 01356pam a2200301 a 4500
001 - CONTROL NUMBER
control field 2616980
003 - CONTROL NUMBER IDENTIFIER
control field NUST-PNEC
005 - DATE AND TIME OF LATEST TRANSACTION
control field 20170116180741.0
008 - FIXED-LENGTH DATA ELEMENTS--GENERAL INFORMATION
fixed length control field 980805s1999 ctua b 001 0 eng
010 ## - LIBRARY OF CONGRESS CONTROL NUMBER
LC control number 98040461
020 ## - INTERNATIONAL STANDARD BOOK NUMBER
International Standard Book Number 1884777694
040 ## - CATALOGING SOURCE
Original cataloging agency DLC
Transcribing agency PNEC
Modifying agency DLC
050 00 - LIBRARY OF CONGRESS CALL NUMBER
Classification number QA76.9.A25
Item number R66 1999
082 00 - DEWEY DECIMAL CLASSIFICATION NUMBER
Classification number 005.82 ROS
Edition number 21
100 1# - MAIN ENTRY--PERSONAL NAME
Personal name Rosing, Michael,
Dates associated with a name 1954-
245 10 - TITLE STATEMENT
Title Implementing elliptic curve cryptography /
Statement of responsibility, etc. Michael Rosing.
246 30 - VARYING FORM OF TITLE
Title proper/short title Elliptic curve cryptography
260 ## - PUBLICATION, DISTRIBUTION, ETC.
Place of publication, distribution, etc. Greenwich :
Name of publisher, distributor, etc. Manning,
Date of publication, distribution, etc. c1999.
300 ## - PHYSICAL DESCRIPTION
Extent xiv, 313 p. :
Other physical details ill. ;
Dimensions 23 cm.
504 ## - BIBLIOGRAPHY, ETC. NOTE
Bibliography, etc. note Includes bibliographical references and index.
650 #0 - SUBJECT ADDED ENTRY--TOPICAL TERM
Topical term or geographic name entry element Computer security.
650 #0 - SUBJECT ADDED ENTRY--TOPICAL TERM
Topical term or geographic name entry element Data encryption (Computer science)
General subdivision Computer, MIS
650 #0 - SUBJECT ADDED ENTRY--TOPICAL TERM
Topical term or geographic name entry element Curves, Elliptic
General subdivision Data processing.
856 42 - ELECTRONIC LOCATION AND ACCESS
Uniform Resource Identifier <a href="http://www.amazon.com/Implementing-Elliptic-Cryptography-Michael-Rosing/dp/1884777694/ref=sr_1_1?s=books&ie=UTF8&qid=1418713779&sr=1-1&keywords=1884777694">http://www.amazon.com/Implementing-Elliptic-Cryptography-Michael-Rosing/dp/1884777694/ref=sr_1_1?s=books&ie=UTF8&qid=1418713779&sr=1-1&keywords=1884777694</a>
906 ## - LOCAL DATA ELEMENT F, LDF (RLIN)
a 7
b cbc
c orignew
d 1
e ocip
f 19
g y-gencatlg
942 ## - ADDED ENTRY ELEMENTS (KOHA)
Source of classification or shelving scheme
Koha item type Book
Holdings
Withdrawn status Lost status Source of classification or shelving scheme Damaged status Not for loan Permanent Location Current Location Shelving location Date acquired Source of acquisition Cost, normal purchase price Total Checkouts Full call number Barcode Date last seen Cost, replacement price Price effective from Koha item type
          Pakistan Navy Engineering College (PNEC) Pakistan Navy Engineering College (PNEC)   10/16/2006 NUST Recurring A/c 2554.48   005.82 ROS PNECLIB-028048 12/16/2014 2554.48 10/16/2006 Book
© 2023 Central Library, National University of Sciences and Technology. All Rights Reserved.